| 000 | 01289nam a2200265Ia 4500 | ||
|---|---|---|---|
| 003 | OSt | ||
| 005 | 20201007143113.0 | ||
| 008 | 191128s2006 ck gr 000 0 spa d | ||
| 020 | _a9589329160 | ||
| 040 |
_aCO-JMCR _cCO-JMCR |
||
| 041 | 0 | _aspa | |
| 082 | 0 | 4 |
_a657.044 / _bC317f _223 |
| 100 | 1 |
_aCarrillo de Rojas, Gladys, _eautora _911322 |
|
| 245 | 1 | 0 |
_aFundamentos de contabilidad para profesionales no contadores / _cGladys Carrillo de Rojas |
| 250 | _aDecimaoctava edición | ||
| 260 |
_aBogotá : _bCorcas Editores, _c2006. |
||
| 300 |
_a505 páginas ; _c24 cm. |
||
| 500 | _aIncluye tabla de contenido | ||
| 505 | 0 | _adefinición, funciones y marco conceptual de la contabilidad -- definición de la contabilidad -- funciones de la contabilidad -- marco conceptual de la contabilidad -- A. de los principios de contabilidad generalmente aceptados | |
| 520 | 0 | _aCon esta decimoctava edición, cumple este libro 25 años al servicio de estudiantes, profesores y profesionales. Hizo su incursión en el nuevo milenio conla certeza de que todo profesional y persona involucrada en el mundo de los negocios debe estar cada d | |
| 650 | 2 | 4 |
_aContabilidad _xEnseñanza _911323 |
| 650 | 2 | 4 |
_a Estados financieros _911324 |
| 650 | 2 | 4 |
_aInflación _xInventario _911325 |
| 942 |
_2ddc _cBK |
||
| 999 |
_c3631 _d3631 |
||